[Event "SLO-chT Central 2nd League"]
[Site "Slovenia"]
[Date "2011.10.13"]
[Round "3.1"]
[White "Globevnik, Iztok"]
[Black "Grasic, Marjan"]
[Result "1/2-1/2"]
[WhiteElo "1798"]
[BlackElo "1640"]
[PlyCount "69"]
[EventDate "2011.09.08"]
[EventType "team-tourn"]
[EventRounds "7"]
[EventCountry "SLO"]
[SourceTitle "EXT 2022"]
[Source "ChessBase"]
[SourceDate "2021.10.06"]
[SourceVersion "1"]
[SourceVersionDate "2021.10.06"]
[SourceQuality "1"]

1. e4 e5 2. f4 exf4 3. Bc4 Be7 4. Nf3 Bh4+ 5. Kf1 d6 6. d4 Bg4 7. Nc3 Bg5 8. h3 Be6 9. d5 Bc8 10. Qe2 Bf6 11. e5 dxe5 12. Nxe5 Ne7 13. Nxf7 Kxf7 14. d6+ Kf8 15. dxe7+ Qxe7 16. Qxe7+ Bxe7 17. Bxf4 c6 18. Ke2 b5 19. Bb3 Ba6 20. Kd2 Nd7 21. Rae1 Nf6 22. Rhf1 b4 23. Ne2 c5 24. Be6 Rd8+ 25. Kc1 h6 26. Bc7 Bxe2 27. Rxe2 Rd4 28. Be5 Rd8 29. g4 Ke8 30. Bc4 Rf8 31. Rfe1 Kd7 32. Bb5+ Kc8 33. Ba6+ Kd7 34. Rd1+ Kc6 35. Bc4 1/2-1/2

[Event "Feffernitz Raika op 20th"]
[Site "Feffernitz"]
[Date "2011.08.27"]
[Round "8"]
[White "Globevnik, Iztok"]
[Black "Kainz, Josef"]
[Result "1-0"]
[WhiteElo "1798"]
[BlackElo "1988"]
[PlyCount "81"]
[EventDate "2011.08.21"]
[EventType "swiss"]
[EventRounds "9"]
[EventCountry "AUT"]
[SourceTitle "CBM 144 Extra"]
[Source "ChessBase"]
[SourceDate "2011.10.28"]
[SourceVersion "1"]
[SourceVersionDate "2011.10.28"]
[SourceQuality "1"]

1. e4 c5 2. Nf3 Nc6 3. d4 cxd4 4. Nxd4 Nf6 5. Nc3 d6 6. Be3 g6 7. f3 Bg7 8. Qd2 0-0 9. 0-0-0 a6 10. g4 Nxd4 11. Bxd4 b5 12. g5 Nd7 13. Bxg7 Kxg7 14. Qd4+ Kg8 15. Nd5 Bb7 16. Ne3 e5 17. Qd2 Qxg5 18. h4 Qf4 19. Qf2 Bxe4 20. Be2 Nf6 21. Kb1 d5 22. Rdg1 d4 23. Ng4 Bd5 24. h5 Nxg4 25. Rxg4 Qxg4 26. fxg4 Bxh1 27. Qf6 Rfe8 28. h6 Kf8 29. Qg7+ Ke7 30. Qxe5+ Kd7 31. Qxd4+ Kc7 32. Qc3+ Kb6 33. Qd4+ Kc7 34. Qc3+ Kd6 35. Qd4+ Bd5 36. Qb4+ Kc6 37. Bd3 Re6 38. b3 Rae8 39. a4 bxa4 40. Qxa4+ Kb7 41. Qd7+ 1-0

[Event "Feffernitz Raika op 20th"]
[Site "Feffernitz"]
[Date "2011.08.22"]
[Round "3"]
[White "Meschnig, Manfred"]
[Black "Globevnik, Iztok"]
[Result "1/2-1/2"]
[WhiteElo "1966"]
[BlackElo "1798"]
[PlyCount "28"]
[EventDate "2011.08.21"]
[EventType "swiss"]
[EventRounds "9"]
[EventCountry "AUT"]
[SourceTitle "CBM 144 Extra"]
[Source "ChessBase"]
[SourceDate "2011.10.28"]
[SourceVersion "1"]
[SourceVersionDate "2011.10.28"]
[SourceQuality "1"]

1. d4 d5 2. c4 Nf6 3. Nc3 e6 4. Bg5 Be7 5. Nf3 0-0 6. e3 Nbd7 7. Be2 dxc4 8. Bxc4 b6 9. 0-0 Bb7 10. Re1 c5 11. Rc1 Rc8 12. Be2 Ne4 13. Bxe7 Qxe7 14. Nxe4 Bxe4 1/2-1/2

[Event "SLO-chT3 West"]
[Site "Kranj"]
[Date "2010.11.20"]
[Round "3.3"]
[White "Globevnik, Iztok"]
[Black "Turkovic, Igor"]
[Result "0-1"]
[WhiteElo "1802"]
[BlackElo "1943"]
[PlyCount "68"]
[EventDate "2010.11.19"]
[EventType "team-swiss"]
[EventRounds "5"]
[EventCountry "SLO"]
[SourceTitle "EXT 2022"]
[Source "ChessBase"]
[SourceDate "2021.10.06"]
[SourceVersion "1"]
[SourceVersionDate "2021.10.06"]
[SourceQuality "1"]
[WhiteTeam "Kranj Tomo Zupan II"]
[BlackTeam "Stari Trg ob Kolpi"]
[WhiteTeamCountry "SLO"]
[BlackTeamCountry "SLO"]

1. e4 c5 2. Nf3 Nc6 3. d4 cxd4 4. Nxd4 Nf6 5. Nc3 e6 6. Be3 a6 7. f3 Qc7 8. Qd2 Bb4 9. g4 h6 10. 0-0-0 d5 11. Nxc6 Qxc6 12. Qd4 Bxc3 13. bxc3 0-0 14. g5 hxg5 15. Bxg5 Nh7 16. h4 dxe4 17. Rg1 Nxg5 18. hxg5 exf3 19. Bd3 Qc7 20. Rh1 f5 21. g6 Qe7 22. Rdg1 Rd8 23. Qe5 Qf6 24. Qxf6 gxf6 25. g7 Kf7 26. Rh8 Rg8 27. Rxg8 Kxg8 28. Bc4 Bd7 29. Kd2 Kf7 30. Ke3 Rg8 31. Kxf3 Rxg7 32. Rf1 Ke7 33. Rf2 Rg4 34. Rd2 Rxc4 0-1

[Event "SLO-chT3 West"]
[Site "Kranj"]
[Date "2010.11.19"]
[Round "1.2"]
[White "Ristov, Tase"]
[Black "Globevnik, Iztok"]
[Result "0-1"]
[WhiteElo "1924"]
[BlackElo "1802"]
[PlyCount "136"]
[EventDate "2010.11.19"]
[EventType "team-swiss"]
[EventRounds "5"]
[EventCountry "SLO"]
[SourceTitle "EXT 2022"]
[Source "ChessBase"]
[SourceDate "2021.10.06"]
[SourceVersion "1"]
[SourceVersionDate "2021.10.06"]
[SourceQuality "1"]
[WhiteTeam "Kranj Stari Mayr II"]
[BlackTeam "Kranj Tomo Zupan II"]
[WhiteTeamCountry "SLO"]
[BlackTeamCountry "SLO"]

1. d4 Nf6 2. Nf3 e6 3. c3 Be7 4. Bg5 0-0 5. e3 b6 6. Bd3 h6 7. Bh4 Bb7 8. Nbd2 d6 9. Rc1 Nbd7 10. Bb1 Re8 11. Qc2 Nf8 12. e4 c5 13. 0-0 Rc8 14. Qa4 a6 15. Rfe1 b5 16. Qd1 Qb6 17. Qe2 N6h7 18. Bxe7 Rxe7 19. e5 cxd4 20. cxd4 Rec7 21. Rxc7 Qxc7 22. h3 dxe5 23. dxe5 Nd7 24. Qd3 Nhf8 25. Nb3 Bxf3 26. Qxf3 Nxe5 27. Qg3 Nc4 28. Qxc7 Rxc7 29. Rc1 f5 30. Na5 Rc8 31. Nxc4 Rxc4 32. Rxc4 bxc4 33. Kf1 Kf7 34. Ke2 Kf6 35. Kd2 Ke5 36. Kc3 Kd5 37. Kb4 Nd7 38. Ka5 Nc5 39. Kb4 Nb7 40. Bc2 Nc5 41. Kc3 a5 42. f3 f4 43. Bd1 e5 44. Be2 Na4+ 45. Kc2 Kd4 46. Bxc4 Kxc4 47. b3+ Kb4 48. bxa4 Kxa4 49. Kb2 Kb4 50. h4 g6 51. a3+ Kc4 52. Kc2 a4 53. Kd2 Kd4 54. Ke2 Kc3 55. Kd1 Kd3 56. Ke1 Ke3 57. Kf1 e4 58. fxe4 Kxe4 59. Ke2 g5 60. hxg5 hxg5 61. Kf2 g4 62. Ke2 Kd4 63. Kd2 Kc4 64. Ke2 Kb3 65. Kd3 f3 66. gxf3 gxf3 67. Ke3 Kxa3 68. Kxf3 Kb2 0-1